Click Chain #15 - Forget it/Impossible (Non-Official) - Statistics

General Stats
  • This quiz has been taken 1,288 times
  • The average score is 9 of 44
Answer Stats
Hint Explanation Answer % Correct
...which is Ja in: Yes is Ja in German. Ja is Yes in German. German
88%
...and do you? The question was "Do you wish to continue?", the last answer of the quiz. Yes
81%
..which is surrounded by: It's landlocked South Africa
35%
...and some examples of that linguistic group write books, such as this author: Hitler wrote Mein Kampf, and spoke German. Hitler
33%
..which in Spanish is: Lesoto
33%
...which colonized this country: Lesotho
30%
..and spoke: French
27%
...which starts with the same letter as: W Washington
27%
...south of which is: Not wrong. The Southern Ocean
26%
...which is the same as: In English Water
26%
...and after making a very difficult one of the above may say: The answer used to be the first question of this one. Do you wish to continue?
25%
...where there is a city named after bodies of ____, which the people who named it would have called: Bodies of Water, which makes the name Lagos, and water in Portuguese (language of the people who named Lagos) is Agua. Agua
20%
....which was a part of this country: Namibia was a part of the British Empire British Empire
20%
...which was never part of: Germany
20%
...but is it though? (yes). If you debated that you might be: A thinker
19%
...and served in a nation that ruled the city of: Brandenburg
19%
...since that is: Not wrong An ocean
18%
....who is a politican from this country: There is a man named Adolf Hitler Uunona. Thankfully he doesn't share the original's views. Namibia
17%
...and may make a: Quiz
16%
...specifically: Yep. The Atlantic
16%
...which was historically important in: 1836
15%
...and wanted: Of Govt. 3 branches
15%
..such as: French Man. Montesquieu
15%
...which borders: Saxony
15%
...and if they lived at ____ would be underwater: Coordinates of the Atlantic 1 degree East of Boston 42.3601° N, 70.0589° W
14%
...which was a German state, such as: Hesse
14%
...utilizado en: Used in Magnets Imánes
14%
...where you may find: Yep. Krill
14%
...which is a city in: Washington-on-the-Brazos Texas
14%
...and would have it's nation changed about a decade later by people in: Annexation of Texas the District of Columbia
14%
...one of whom was: Otto von Bismarck Bismarck
13%
...which is 5,177,604.66 m away from: Nigeria
13%
...which was founded by: Not wrong Humans
11%
...which times 30 is 90 Not 60
11%
...which is: It is. Bad
10%
...which is one letter away from: Kill Murder
9%
...and if you took that number and showed it to a certain Russian, they might call it Dmitri Mendeleev Neodymium
9%
...who was: Was is the key word here. Alive
8%
...which is: An Element
8%
...whose inhabitants may have been fought by someone living in: Colonists fought Hessen Mercenaries 1778
7%
...and such fighter may have been to: Coordinates of Boston 42.3601° N, 71.0589° W
6%
...who was from: Schönhausen
6%
..who is not: 90
5%
...and is the namesake of: Me! The person under the caveat
5%
No matching quizzes found
Score Distribution
Percent of People with Each Score
Percentile by Number Answered
Your Score History
You have not taken this quiz